[Event "Toronto NAYCC U12"]
[Site "Toronto"]
[Date "2013.08.16"]
[Round "4"]
[White "Xiao, Kevin"]
[Black "Balachandran, Henushan"]
[Result "1-0"]
[WhiteElo "1247"]
[BlackElo "958"]
[PlyCount "41"]
[EventDate "2013.08.14"]
[EventType "swiss"]
[EventRounds "9"]
[EventCountry "CAN"]
[SourceTitle "EXT 2022"]
[Source "ChessBase"]
[SourceDate "2021.10.06"]
[SourceVersion "1"]
[SourceVersionDate "2021.10.06"]
[SourceQuality "1"]

1. e4 e5 2. Nf3 Nc6 3. d4 exd4 4. Bc4 Bc5 5. 0-0 Nf6 6. e5 Ng4 7. Re1 Bb4 8. c3 dxc3 9. Nxc3 0-0 10. h3 Nh6 11. Bxh6 gxh6 12. Qc2 d6 13. Rad1 Re8 14. Qb3 Be6 15. Bxe6 Rxe6 16. exd6 Rxe1+ 17. Rxe1 Qxd6 18. a3 Bxc3 19. Qxc3 a6 20. Nh4 Kf8 21. Qh8# 1-0